Statistiques concernant Paroles Colonel Reyel - Toutes les nuits

Cliquez ici pour prendre le quiz!

Statistiques générales

  • Ce quiz a été pris 1 302 fois
  • Le résultat moyen est 195 sur 280

Statistiques - réponses

Réponse% Correct
à
99%
le
99%
je
98%
Je
98%
les
98%
Tout
98%
de
97%
nuit
97%
toi
97%
nous
96%
pense
96%
pensé
96%
Toutes
96%
deux
95%
nuits
95%
reve
95%
moi
90%
la
87%
tous
87%
ma
86%
près
86%
que
84%
Que
84%
te
84%
tu
84%
Tu
84%
me
83%
es
82%
mes
80%
Pas
80%
pas
80%
ton
80%
Ton
80%
et
78%
suis
78%
ce
77%
qui
77%
Qui
77%
tombé
77%
tombe
77%
dans
75%
un
75%
voit
75%
ça
74%
jour
73%
mais
73%
sous
73%
charme
72%
sans
72%
Dès
71%
des
71%
en
71%
dire
70%
J'ai
70%
reves
70%
J'arrive
68%
ne
67%
qu'on
67%
C'est
66%
l'avouer
66%
pour
66%
t'es
66%
tes
66%
armes
64%
l'amour
64%
appelle
63%
courage
63%
ta
63%
trop
63%
dépose
62%
etre
62%
face
62%
Faut
62%
saches
62%
doute
60%
fin
60%
girl
60%
sentiments
60%
aurait
59%
veux
59%
pu
58%
briser
57%
cet
57%
glace
57%
lutté
57%
contre
56%
cotés
56%
lèvres
56%
serai
56%
embrassant
55%
fierté
55%
m'agace
55%
connaitrai
54%
instant
54%
peut
54%
profite
54%
avec
53%
du
53%
m'imagine
53%
seule
53%
tete
52%
Finalement
51%
my
50%
vie
50%
coriace
49%
élève
49%
l'unique
48%
une
48%
vivre
47%
celui
46%
ensemble
46%
Laisse
46%
maitresse
46%
sang
46%
Sois
46%
t'ai
46%
celle
45%
livre
45%
passe
44%
finira
43%
ressens
43%
J'espère
40%
apprends
39%
t'avouer
39%
illumines
37%
Chaque
36%
ai
35%
assez
33%
joie
33%
jamais
31%
pensées
31%
change
30%
m'inspires
28%
non
28%
Pret
28%
pret
28%
chaleur
26%
J'aimerais
26%
j'en
26%
parfum
26%
baby
24%
Baby
24%
habites
23%
sais
23%
caresser
22%
dirai
22%
heures
22%
rien
22%
faire
21%
passer
21%
promets
21%
timidité
21%
chanter
20%
déplacé
20%
combat
18%
dépasser
18%
efforts
17%
viens
16%
t'aurais
15%
t'avouerais
14%
voudrais
12%

Distribution des résultats

Percentile par nombre de réponses

% des personnes avec chaque résultat

Votre développement - résultats

Vous n’avez pas pris ce quiz